Wonder of the waves : (Record no. 185319)

000 -LEADER
fixed length control field 00546 a2200169 4500
003 - CONTROL NUMBER IDENTIFIER
control field Nust
005 - DATE AND TIME OF LATEST TRANSACTION
control field 20230621085331.0
040 ## - CATALOGING SOURCE
Transcribing agency Nust
082 ## - DEWEY DECIMAL CLASSIFICATION NUMBER
Classification number 384.5,RHE
100 ## - MAIN ENTRY--PERSONAL NAME
Personal name Eduard Rhein
9 (RLIN) 113193
245 ## - TITLE STATEMENT
Title Wonder of the waves :
Remainder of title Wireless and Telvision for Everyman /
Statement of responsibility, etc. Eduard Rhein
260 ## - PUBLICATION, DISTRIBUTION, ETC.
Place of publication, distribution, etc. London
Name of publisher, distributor, etc. The scintefic book
Date of publication, distribution, etc. 1940
300 ## - PHYSICAL DESCRIPTION
Extent 256,p;
505 ## - FORMATTED CONTENTS NOTE
Formatted contents note Part.1 The Distant Sound (Page-3), Part.2 The Voice of Steel (Page-145), Part.3 The Magic Mirror (Page-195).
650 ## - SUBJECT ADDED ENTRY--TOPICAL TERM
Topical term or geographic name entry element Wonder of the waves
9 (RLIN) 113194
942 ## - ADDED ENTRY ELEMENTS (KOHA)
Source of classification or shelving scheme
Koha item type Book Bank
Holdings
Withdrawn status Lost status Source of classification or shelving scheme Damaged status Not for loan Permanent Location Current Location Shelving location Date acquired Full call number Barcode Date last seen Price effective from Koha item type Public note
          Military College of Signals (MCS) Military College of Signals (MCS) General Stacks 12/12/2016 384.5,RHE MCS29753 12/08/2016 12/12/2016 Book Bank Almirah No.109, Shelf No.5
© 2023 Central Library, National University of Sciences and Technology. All Rights Reserved.